00862nam a22002537a 4500003000400000005001700004008004100021020001500062040001800077050002500095100002400120245003600144300004400180500007600224504005300300650004800353650003200401650003500433650003700468650003200505650003900537942001500576999001700591OSt20260530115319.0260508b1984 xxua|||| |||| 00| 0 eng d a0871967839 aICIbspacICI aNK2195.O34bP55 19781 aPile, John,eautor.10aOpen office space /cJohn Pile. a95 páginas :bilustraciones, planos ; aEstudio sobre planificación y diseño de oficinas de planta abierta. aIncluye referencias bibliográficas e índice. 0aOficinasxDiseño y construcción.934194 0aEspacios de trabajo.934195 0aDiseño de interiores.919717 0aArquitectura de oficinas.934196 0aAmbiente de trabajo.934197 0aDistribución de oficinas.934198 2lcccBKn1 c13718d13718